Normal view
MARC view
Entry Topical Term
001 - CONTROL NUMBER
- control field: 11787
003 - CONTROL NUMBER IDENTIFIER
- control field: dpl
005 - DATE AND TIME OF LATEST TRANSACTION
- control field: 20100812141618.0
008 - FIXED-LENGTH DATA ELEMENTS
- fixed length control field: 100812|||a|||||| | ||| d
040 ## - CATALOGING SOURCE
- Original cataloging agency: dpl
- Transcribing agency: dpl
150 ## - HEADING--TOPICAL TERM
- Topical term or geographic name as entry element: Spiritual life
670 ## - SOURCE DATA FOUND
- Source citation: Work cat.: (dpl)41362: Ashwini, Yogi 11786, Thoughts... of the inner world /, 2007
670 ## - SOURCE DATA FOUND
- Source citation: Work cat.: (dpl)41362: Ashwini, Yogi 11786, Thoughts... of the inner world /, 2007
